000 00703nam a22002057a 4500
999 _c18478
_d18478
003 AR-CdUCM
008 190514b ||||| |||| 00| 0 spa d
040 _aMUNICIPALIDAD PROVINCIAL DEL CUSCO
_cBIBLIOTECA MUNICIPAL DEL CUSCO
082 _a320.53 /
_bG26
100 _aGarcia Salvattecci, Hugo
_93689
245 _aHaya de la Torres o el Marxismo indoamericano /
260 _aLima :
_bMaria Ramirez V.,
_c1980.
300 _a264 páginas ;
_c22 cm.
505 _aContenido: Ubicación de Haya de la Torre -- Los movimientos precursores -- El marxismo y el Apra...
650 _aApra
_91868
650 _aMarxismo
_924
650 _aHaya
_939090
942 _2ddc
_cLIBROS
945 _adavv
_d2019-05-14